Statistics for Destiny Tower Vendors

Click here to take the quiz!

General Stats

  • This quiz has been taken 46 times
  • The average score is 7 of 15

Answer Stats

Hint Answer % Correct
GunsmithBanshee
89%
Agent of the NineXur
86%
CryptarchMaster Rahool
81%
Crota's baneEris Morn
81%
Voice of the travellerThe Speaker
78%
ShipwrightAmanda Holliday
56%
EververseTess Everis
44%
Future War CultLakshmi
42%
New MonarchyExecutor Hideo
39%
Dead OrbitArach Jalaal
36%
OutfitterEva Levante
33%
Bounty AdvisorXander
25%
PostmasterKadi
25%
Crucible QuatermasterArcite
19%
Crucible HandlerLord Handler
3%

Score Distribution

Percentile by Number Answered

Percent of People with Each Score

Your Score History

You have not taken this quiz